| 000 | 00460nam a2200169Ia 4500 | ||
|---|---|---|---|
| 003 | GCL | ||
| 008 | 140319s9999 xx 000 0 ara d | ||
| 040 |
_aGCL / _cGCL |
||
| 082 | 0 | 4 |
_aط _b707 _bا ع |
| 100 | 1 | _aاحمد محمد حسين | |
| 245 | 1 | 0 |
_aعجائب الالون / _cاحمد محمد حسين |
| 490 |
_aاطفالنا _v0 |
||
| 650 | 0 | 4 | _aالالوان |
| 650 | 0 | 4 | _aالخامات الفنية |
| 650 | 0 | 4 | _aقوس قزح |
| 942 |
_2ddc _cBK |
||
| 999 |
_c38953 _d38953 |
||